000 00817nam a22002297a 4500
005 20240124143749.0
010 _aENG-138990
020 _a9789355322609
_c470.00
035 _aEN-122522
037 _bDBAD/PUB
082 _a300
_22
100 _aPrakash, Om
_961256
245 _aCTET/TET:
_cBy Om Prakash; Umrao Singh and Sangeeta Kaushik
_bSocial Studies an Pedagogy/
250 _a2
260 _aTamil Nadu
_bMcGraw Hill Education
_c2022
270 _aAnjana Complex No. 5/90 A, Butt Road, St. Thomas Mount
_bTamil Nadu
_e600016
300 _avarious pagings :
_c24cm(pbk)
500 _aSubject- Wise Comprehensive Series Based on the Latest Examination Pattern
700 _aUmrao Singh
_eAuthor
_961250
700 _aKaushik, Sangeeta
_eAuthor
_961255
942 _2ddc
_cEN
_h300
_mPRA
999 _c200359
_d200359